Vybrané časti stavebno-technologickej prípravy stavieb

Salvato in:
Dettagli Bibliografici
Autore principale: Gaplovský, Martin (Autore)
Altri autori: Antošová, Naďa (Relatore della tesi)
Natura: Manoscritto Libro
Lingua:slovacco
Pubblicazione: 2020
Soggetti:
Accesso online:http://is.stuba.sk/zp/portal_zp.pl?podrobnosti=152054
https://opac.crzp.sk/?fn=detailBiblioForm&sid=EAE7EF6B68A1C52648C51D46D593
Tags: Aggiungi Tag
Nessun Tag, puoi essere il primo ad aggiungerne!!

MARC

LEADER 00000ntm a22000003a 4500
001 stuzp79335
003 SK-STU
005 20230516154058.7
007 ta
008 150427s2015----xo-----f-mn---000-0-slo-d
040 |a STU  |b slo 
041 0 |a slo 
100 1 |a Gaplovský, Martin  |u 010270  |4 aut  |U SvF Stavebná fakulta  |T SvF Katedra technológie stavieb  |X 63268  |U V270  |Y 28  |7 63268 
242 0 1 |a Selected parts of construction and technological preparation of buildings  |y eng 
245 1 0 |a Vybrané časti stavebno-technologickej prípravy stavieb 
260 |c 2020 
650 4 |a Technická správa  |2 slo 
650 4 |a Bytový komplex  |2 slo 
650 4 |a Zdvíhacie mechanizmy  |2 slo 
650 4 |a Zariadenie staveniska  |2 slo 
650 4 |a Časový plán  |2 slo 
650 4 |a technical report  |2 eng 
650 4 |a apartment complex  |2 eng 
650 4 |a lifting mechanisms  |2 eng 
650 4 |a construction site equipment  |2 eng 
650 4 |a time plan  |2 eng 
700 1 |a Antošová, Naďa  |u 010270  |k Z1  |4 ths  |U SvF Stavebná fakulta  |T SvF Katedra technológie stavieb  |X 3720  |U V270  |Y 28  |7 A000003720 
856 4 |u http://is.stuba.sk/zp/portal_zp.pl?podrobnosti=152054 
856 4 |u https://opac.crzp.sk/?fn=detailBiblioForm&sid=EAE7EF6B68A1C52648C51D46D593